Перспективы устойчивого развития человеческих экосистем; Известия Томского политехнического университета [Известия ТПУ]; Т. 321, № 6 : Экономика. Философия, социология и культурология. История
| Parent link: | Известия Томского политехнического университета [Известия ТПУ]/ Томский политехнический университет (ТПУ).— , 2000- Т. 321, № 6 : Экономика. Философия, социология и культурология. История.— 2012.— [С. 152-156] |
|---|---|
| Κύριος συγγραφέας: | |
| Περίληψη: | Заглавие с титульного листа Электронная версия печатной публикации Обосновывается необходимость формирования цивилизационного подхода, отвечающего новым потребностям человека и согласованного с новыми реалиями окружающей природы. Анализируются предпосылки экологической модернизации, ориентированной на создание производств, не разрушающих равновесного состояния экосферы, вписывающихся в ее естественные биогеохимические циклы. Утверждается тезис, согласно которому обозначенная модернизация является основанием гармонизации отношений в системе "человек-природа-общество". |
| Γλώσσα: | Ρωσικά |
| Έκδοση: |
2012
|
| Σειρά: | Философия, социология и культурология |
| Θέματα: | |
| Διαθέσιμο Online: | http://earchive.tpu.ru/bitstream/11683/4589/1/bulletin_tpu-2012-321-6-32.pdf |
| Μορφή: | MixedMaterials Ηλεκτρονική πηγή Κεφάλαιο βιβλίου |
| KOHA link: | https://koha.lib.tpu.ru/cgi-bin/koha/opac-detail.pl?biblionumber=233654 |
MARC
| LEADER | 00000nla2a2200000 4500 | ||
|---|---|---|---|
| 001 | 233654 | ||
| 005 | 20231031203614.0 | ||
| 035 | |a (RuTPU)RU\TPU\book\254733 | ||
| 035 | |a RU\TPU\book\254729 | ||
| 090 | |a 233654 | ||
| 100 | |a 20130307d2012 k y0rusy50 ca | ||
| 101 | 0 | |a rus | |
| 102 | |a RU | ||
| 135 | |a drnn ---uucaa | ||
| 181 | 0 | |a i | |
| 182 | 0 | |a b | |
| 200 | 1 | |a Перспективы устойчивого развития человеческих экосистем |b Электронный ресурс |f М. П. Чубик | |
| 203 | |a Текст |c электронный | ||
| 215 | |a 1 файл (81 Кб) | ||
| 225 | 1 | |a Философия, социология и культурология | |
| 230 | |a Электронные текстовые данные (1 файл : 81 Кб) | ||
| 300 | |a Заглавие с титульного листа | ||
| 300 | |a Электронная версия печатной публикации | ||
| 320 | |a [Библиогр.: с. 156 (18 назв.)] | ||
| 330 | |a Обосновывается необходимость формирования цивилизационного подхода, отвечающего новым потребностям человека и согласованного с новыми реалиями окружающей природы. Анализируются предпосылки экологической модернизации, ориентированной на создание производств, не разрушающих равновесного состояния экосферы, вписывающихся в ее естественные биогеохимические циклы. Утверждается тезис, согласно которому обозначенная модернизация является основанием гармонизации отношений в системе "человек-природа-общество". | ||
| 337 | |a Adobe Reader | ||
| 461 | 1 | |0 (RuTPU)RU\TPU\book\176237 |t Известия Томского политехнического университета [Известия ТПУ] |f Томский политехнический университет (ТПУ) |d 2000- | |
| 463 | 1 | |0 (RuTPU)RU\TPU\book\254614 |x 1684-8519 |t Т. 321, № 6 : Экономика. Философия, социология и культурология. История |v [С. 152-156] |d 2012 |p 264 с. | |
| 610 | 1 | |a устойчивое развитие | |
| 610 | 1 | |a устойчивое равновесие | |
| 610 | 1 | |a императивы устойчивости | |
| 610 | 1 | |a человеческие экосистемы | |
| 610 | 1 | |a экологический кризис | |
| 610 | 1 | |a энвайронментализм | |
| 610 | 1 | |a экологическая модернизация | |
| 610 | 1 | |a экосфера | |
| 610 | 1 | |a коэволюционные проекты | |
| 610 | 1 | |a ресурсные революции | |
| 610 | 1 | |a труды учёных ТПУ | |
| 610 | 1 | |a электронный ресурс | |
| 700 | 1 | |a Чубик |b М. П. |c эколог |c доцент Томского политехнического университета, кандидат медицинских наук |f 1975- |g Максим Петрович |2 stltpush |3 (RuTPU)RU\TPU\pers\30201 | |
| 801 | 1 | |a RU |b 63413507 |c 20090623 |g PSBO | |
| 801 | 2 | |a RU |b 63413507 |c 20220124 |g PSBO | |
| 856 | 4 | |u http://earchive.tpu.ru/bitstream/11683/4589/1/bulletin_tpu-2012-321-6-32.pdf | |
| 942 | |c CF | ||